Datum a čas kvízu

25 Celkem bodů Celkový počet nahraných bodů na tomto kvízu bez doplňovacích otázek.
7. Pořadí na kvízu Konečné umístění týmu na tomto kvízu.

Zaznamenané odpovědi

# Otázka Odpověď Body Výsledky
1. Ústavní soud zamítl návrhy pre... lex Babiš 1
2. Lídrem slovenské opozice se v... Obyčajní ľudia 1
3. Ve čtvrtek byl zahájen jubilej... Berlínský filmový festival (Berlinale) 0
4. Ve středu "oslavil" 30. naroze... Adobe Photoshop 1
5. V Los Angeles se v sobotu utka... Tyson Fury 1
6. Na tento týden připadá období... bachyně 1
7. S tímto zvláštně vypadajícím p... (prase) bradavičnaté 1
8. Již delší dobu se experimentuj... xenotransplantace 1
9. Prase je čistotné a inteligent... A 1
10. Obliba miniprasátek jako domác... Wilbur 0